Загрузка...

تفسير المراغي

Библиографические подробности
Главный автор: أحمد مصطفي المراغي
Формат: Printed Book
Язык:Arabic
Опубликовано: دار حياء و التراث العربي
LEADER 01677nam a22002297a 4500
008 211028b |||||||| |||| 00| 0 ara d
082 |a 227M 
100 |9 1581682  |a أحمد مصطفي المراغي 
245 |a تفسير المراغي 
260 |b دار حياء و التراث العربي 
942 |c BK 
999 |c 362885  |d 362885 
952 |0 0  |1 0  |2 ddc  |4 0  |6 227M  |7 0  |8 REF  |9 422382  |a ARA  |b ARA  |c REF  |d 2021-10-28  |h 1-3  |i 6300  |l 0  |o 227M  |p ara6300  |r 2021-10-28  |w 2021-10-28  |y BK 
952 |0 0  |1 0  |2 ddc  |4 0  |6 227M  |7 0  |8 REF  |9 422383  |a ARA  |b ARA  |c REF  |d 2021-10-28  |h 4-6  |i 6301  |l 0  |o 227M  |p ara6301  |r 2021-10-28  |w 2021-10-28  |y BK 
952 |0 0  |1 0  |2 ddc  |4 0  |6 227M  |7 0  |8 REF  |9 422384  |a ARA  |b ARA  |c REF  |d 2021-10-28  |h 7-9  |i 6302  |l 0  |o 227M  |p ara6302  |r 2021-10-28  |w 2021-10-28  |y BK 
952 |0 0  |1 0  |2 ddc  |4 0  |6 227M  |7 0  |8 REF  |9 422385  |a ARA  |b ARA  |c REF  |d 2021-10-28  |h 10-12  |i 6303  |l 0  |o 227M  |p ara6303  |r 2021-10-28  |w 2021-10-28  |y BK 
952 |0 0  |1 0  |2 ddc  |4 0  |6 227M  |7 0  |8 REF  |9 422386  |a ARA  |b ARA  |c REF  |d 2021-10-28  |h 13-15  |i 6304  |l 0  |o 227M  |p ara6304  |r 2021-10-28  |w 2021-10-28  |y BK 
952 |0 0  |1 0  |2 ddc  |4 0  |6 227M  |7 0  |8 REF  |9 422387  |a ARA  |b ARA  |c REF  |d 2021-10-28  |h 16-18  |i 6305  |l 0  |o 227M  |p ara6305  |r 2021-10-28  |w 2021-10-28  |y BK 
952 |0 0  |1 0  |2 ddc  |4 0  |6 227M  |7 0  |8 REF  |9 422388  |a ARA  |b ARA  |c REF  |d 2021-10-28  |h 19-21  |i 6306  |l 0  |o 227M  |p ara6306  |r 2021-10-28  |w 2021-10-28  |y BK 
952 |0 0  |1 0  |2 ddc  |4 0  |6 227M  |7 0  |8 REF  |9 422389  |a ARA  |b ARA  |c REF  |d 2021-10-28  |h 22-24  |i 6307  |l 0  |o 227M  |p ara6307  |r 2021-10-28  |w 2021-10-28  |y BK 
952 |0 0  |1 0  |2 ddc  |4 0  |6 227M  |7 0  |8 REF  |9 422390  |a ARA  |b ARA  |c REF  |d 2021-10-28  |h 25-27  |i 6308  |l 0  |o 227M  |p ara6308  |r 2021-10-28  |w 2021-10-28  |y BK 
952 |0 0  |1 0  |2 ddc  |4 0  |6 227M  |7 0  |8 REF  |9 422391  |a ARA  |b ARA  |c REF  |d 2021-10-28  |h 28-30  |i 6309  |l 0  |o 227M  |p ara6309  |r 2021-10-28  |w 2021-10-28  |y BK